000 00884nam a2200277Ia 4500
003 OSt
005 20220918170749.0
006 a|||||r|||| 00| 0
007 ta
008 220917b |||||||| |||| 00| 0 eng d
020 _a9780470436806 (pbk)
_c3826.14
024 _a244,601
037 _b9822, 03/01/2011, Elite Publishers Distributors
_cTextual
040 _aARTS
_cARTS
_beng
041 _2eng
_aeng
082 _aT:f, Q0
100 _aLodico Marguerite G.
_931003
245 0 _aMethods in educational research
_b From theory to practice
250 _a2nd
260 _aSan
_bFrsncisco Jossey Bass USA
_c2010
300 _axxvi,516p.
_ccm.
650 _aEDUCATION
700 _a Spaulding Dean T.
_931004
942 _hT:f, Q0
_cTEXL
_2CC
999 _c135613
_d135613